000 00544nam a22001817a 4500
999 _c62309
_d62309
005 20240924125755.0
008 240924s2021 eng||||| |||| 00| 0 geo d
020 _a9781108744386x
041 _aeng
080 _a611.013 G-48
100 _aGirsh, Eliezer
_923267
245 _aA Textbook of Clinical Embryology /
_cEliezer Girsh.
264 _aCambridge,
_c2021.
300 _a247 p. :
_bill.;
_c23 cm.
653 _aკლინიკური ემბრიოლოგია
653 _aმედიცინა
942 _2udc
_cBK